000 00644nam a2200229Ia 4500
003 OSt
005 20221007074224.0
006 a|||||r|||| 00| 0
007 ta
008 221006b |||||||| |||| 00| 0 eng d
024 _a13,004
037 _cTextual
040 _aFLL
_cFLL
_beng
041 _2eng
_aeng
082 _aV58:2:Z, L4
100 _aSaifulin Murad Tr.
_9692744
245 0 _aFundamentals of legislation of the USSR and the union republics
260 _aMoscow
_bProgress pub. U.S.S.R.
_c1974
300 _a387p
_ccm.
942 _hV58:2:Z, L4
_cTEXL
_2CC
999 _c1151593
_d1151593